Looking back : the 1947 Partition of India, 70 years on /
Contributed literary collection from Bengali, Urdu and Hindi.
| 其他作者: | , , |
|---|---|
| 格式: | 圖書 |
| 語言: | English Urdu Bengali Multiple |
| 出版: |
Hyderabad, Telangana, India :
Orient BlackSwan,
c2019
|
| 版: | First edition |
| 主題: | |
| Classic Catalogue: | View this record in Classic Catalogue |
| LEADER | 02342nam a2200577 i 4500 | ||
|---|---|---|---|
| 001 | 35200 | ||
| 003 | BD-DhAAL | ||
| 005 | 20190902100650.0 | ||
| 008 | 190902t2019 ii a b 001 0 eng d | ||
| 999 | |c 40867 |d 40867 | ||
| 010 | |a 2017350067 | ||
| 020 | |a 9789352876204 | ||
| 020 | |a 9789386689566 | ||
| 020 | |a 9386689561 | ||
| 025 | |a I-E-2017350067 ; 56-92 ; 62-92 ; 25 | ||
| 035 | |a (OCoLC)on1005362462 | ||
| 035 | |a (OCoLC)1005362462 | ||
| 037 | |b Library of Congress -- New Delhi Overseas Office | ||
| 040 | |a DKAGE |b eng |e rda |c DKAGE |d OCLCO |d OCLCF |d DLC |d BD-DhAAL | ||
| 041 | 1 | |a eng |a urd |a ben |h mul | |
| 042 | |a lccopycat |a lcode | ||
| 043 | |a a-ii--- | ||
| 050 | 0 | 0 | |a DS480.842 |b .L69 2017 |
| 082 | 0 | 4 | |a 954.04 |2 23 |
| 245 | 0 | 0 | |a Looking back : |b the 1947 Partition of India, 70 years on / |c edited by Rakhshanda Jalil, Tarun K. Saint and Debjani Sengupta. |
| 250 | |a First edition | ||
| 260 | |a Hyderabad, Telangana, India : |b Orient BlackSwan, |c c2019 | ||
| 300 | |a xxxviii, 355 pages : |b illustrations (black and white) ; |c 23 cm | ||
| 504 | |a Includes bibliographical references (pages 330-340) and index. | ||
| 520 | |a Contributed literary collection from Bengali, Urdu and Hindi. | ||
| 526 | |a ENH | ||
| 541 | |a Hye Trade International |e 35200 | ||
| 546 | |a Chiefly translated from Bengali, Urdu and Hindi languages |b (Latin) | ||
| 648 | 7 | |a Since 1947 |2 fast |9 33779 | |
| 650 | 0 | |a Indic literature |v Translations into English. |9 33780 | |
| 650 | 7 | |a Indic literature. |2 fast |9 33781 | |
| 650 | 7 | |a English literature. |9 33782 | |
| 651 | 0 | |a India |x History |y Partition, 1947. |9 33783 | |
| 651 | 0 | |a India |x History |y Partition, 1947 |v Literary collections. |9 33784 | |
| 651 | 0 | |a India |x History |y 1947- |9 33785 | |
| 651 | 0 | |a India |x History |y 1947- |v Literary collections. |9 33786 | |
| 651 | 7 | |a India. |2 fast |9 33787 | |
| 655 | 7 | |a History. |2 fast |9 33788 | |
| 655 | 7 | |a Literary collections. |2 fast |9 33789 | |
| 655 | 7 | |a Translations. |2 fast |9 33790 | |
| 700 | 1 | |a Jalil, Rakhshanda. |9 33791 | |
| 700 | 1 | |a Saint, Tarun K. |9 33792 | |
| 700 | 1 | |a Sengupta, Debjani. |9 33793 | |
| 852 | |a Ayesha Abed Library |c General Stacks | ||
| 942 | |2 ddc |c BK | ||
| 952 | |0 0 |1 0 |2 ddc |4 0 |6 954_040000000000000_LOO |7 0 |9 66031 |a BRACUL |b BRACUL |c GEN |d 2019-08-21 |e Hye Trade International |g 1588.00 |l 0 |o 954.04 LOO |p 3010035200 |r 2019-08-21 |t 1 |v 1588.00 |w 2019-08-21 |y BK | ||